000 00883nam a2200241 i 4500
001 bg
100 1 _aLAUDAŃSKI, Ludomir M.
245 1 0 _a15 wykładów aeromechaniki /
_cprzez Ludomira M. Laudańskiego ze starannością wielką ułożonych i nie bez wysiłku wygłoszonych na Politechnice Rzeszowskiej ku nauce i pożytkowi młodzieży płci obojga.
260 _aRzeszów :
_bOficyna Wydawnicza Politechniki Rzeszowskiej,
_c1999.
300 _a271 s. :
_bil. ;
_c24 cm.
500 _aNa okł. podtyt.: wstęp do specjalności lotniczych.
504 _aBibliogr.
521 _aDla studentów Wydz. Budowy Maszyn i Lotnictwa.
650 9 _aAeromechanika
655 _aPodręczniki akademickie
020 _a8371991096
040 _cBPK
041 0 _apl
080 _a533(075.8)
920 _a83-7199-109-6
942 _cKS
008 s pl f |000 0 pol
999 _c38812
_d38812
856 _uhttp://koha.tu.koszalin.pl/cgi-bin/koha/opac-detail.pl?biblionumber=38812
_yKatalog online BPK